Statistiche per Stemmi Squadre di calcio - America del Sud - Quiz n°1

Clicka qui per fare il quiz!

Statistiche generali

  • Questo quiz è stato fatto 57 volte
  • Il punteggio medio è 5 su 10

Statistiche sulle risposte

Risposta% Corretto
São Paulo Futebol Clube
80%
Sport Club Corinthians Paulista
80%
Sport Club Internacional
78%
Club Atlético Newell's Old Boys
58%
Club Nacional de Football
50%
Club Atlético Vélez Sarsfield
46%
Club Atlético Independiente
36%
Club de Fútbol Profesional de la Universidad de Chile
32%
Club Athletico Paranaense
30%
Sport Club do Recife
22%

Distribuzione punteggi

Percentile per numero di risposta

Percentuale di utenti per punteggio

I tuoi punteggi nel tempo

Non hai fatto questo quiz